000 01401nam0a22003011 4500
001 rc\3495658
005 20130115141456.0
021 _aRU
_b[74-80888]
035 _a(NLR Aleph) 007650820
090 _a6226729
_c6226729
100 _a20130115d1974 |||y0rusy50 ca
101 0 _arus
102 _aRU
105 _aa z |||||
200 1 _aСплавы индия
_e(Обзор литературы)
_fМ-во цв. металлургии СССР. Цветметинформация. Гос. науч.-исслед. и проектный ин-т редкометалл. пром-сти "Гиредмет"
210 _aМосква
_cОтд. науч.-техн. информации подотрасли
_d1974
215 _a36 с.
_cчерт.
_d20
300 _aАвт. указаны на обороте тит. л.
320 _aСписок лит.: с. 30-35 (115 назв.)
606 _aИндиевые сплавы
_2psbo
700 1 _aБардин
_bВ. А.
701 1 _aМатвеев
_bВ. С.
712 0 2 _aЦентральный научно-исследовательский институт информации и технико-экономических исследований цветной металлургии
_cМосква
_3RU\NLR\AUTH\8810026380
801 0 _aRU
_bNLR
_gpsbo
801 1 _aRU
_bELAR
_2rusmarc
852 _aNLR
_j74-4/25534
942 _cBOOK
980 _aNB